000 00356nam a2200157Ia 4500
008 230711s9999||||xx |||||||||||||| ||und||
041 _aENG
082 _a800
_bLE-K
100 _aLee Harper
245 0 _aTo kill a mockingbird
250 _a1st Ed.
260 _c2002
_aNew York
_bHarper Perennial
300 _a323
650 _aLiterature
942 _cBK
999 _c5261
_d5261